| 000 | 00884nam a2200253 i 4500 | ||
|---|---|---|---|
| 001 | bg | ||
| 245 | 0 | 0 |
_aPodstawy nauki o przedsiębiorstwie / _cpod red. Jana Lichtarskiego ; aut. oprac. Jerzy Czupiał [et al.]. |
| 250 | _aWyd. 5 zm. i rozsz. | ||
| 260 |
_aWrocław : _bWydawnictwo Akademii Ekonomicznej im. Oskara Langego, _c2003. |
||
| 300 |
_a459 s. : _brys., tab., wykr. ; _c24 cm. |
||
| 504 | _aBibliogr. przy rozdz. | ||
| 650 | 9 | _aPrzedsiębiorstwo | |
| 655 | _aPodręczniki akademickie | ||
| 700 | 1 |
_aLichtarski, Jan. _eRed. |
|
| 700 | 1 | _aCzupiał, Jerzy. | |
| 020 | _a8370116450 | ||
| 040 | _cBPK | ||
| 041 | 0 | _apol | |
| 080 | _a658.1/.5(075.8) | ||
| 920 | _a83-7011-645-0 | ||
| 942 | _cKS | ||
| 008 | s pl f |000 0 pol | ||
| 999 |
_c45140 _d45140 |
||
| 856 |
_uhttp://koha.tu.koszalin.pl/cgi-bin/koha/opac-detail.pl?biblionumber=45140 _yKatalog online BPK |
||